000 00646nam a2200265Ia 4500
005 20250425161854.0
008 250425s9999 xx 000 0 und d
020 _a8480882565
041 _aspa
043 _asp
082 _a658.3
100 _aULRICH, DAVE
245 0 _aEL FUTURO DE LA DIRECCION DE RECURSOS HUMANOS
250 _a1A ED.
260 _aBARCELONA
260 _aEspaƱa
_bGESTION 2000
_c1997
300 _a390
650 _aDIRECCION
650 _aFUNCIONES
650 _aGESTION DE RECURSOS HUMANOS
650 _aRECURSOS HUMANOS-DESARROLLO
710 _aGESTION 2000 S.A.
942 _c01
010 _a33208
999 _c217849
_d217849